00696nam a2200229 a 450000100060000000300080000600500170001400800410003102000220007203500190009404000270011304100080014008200270014810000300017524500900020526000440029530000390033949000230037850000200040150400320042165100130045355237BD-RjUL20211209080233.0161115s1977 nyuab b 001 0 eng  a712120238c£3.50 a(BD-RjUL)55359 aDLCcDLCdBD-RjULbeng aeng00223a910.0913bJAT 19771 aJarrett, Harold Reginald.10aTropical geography :ban introductory study of the humid tropics /cby H. R. Jarrett. aPlymouth :bMacdonald and Evans,c1977. axv, 222 p. :bill., maps ;c22 cm.0 aAspect geographies aIncludes index. aBibliography: p. [213]-216. 0aTropics.